From which Queen albums are these songs - Statistics

General Stats
  • This quiz has been taken 25 times
  • The average score is 8 of 10
Answer Stats
Question Answer % Correct
Bohemian Rhapsody A Night At The Opera
100%
Somebody To Love A Day At The Races
90%
Killer Queen Sheer Heart Attack
90%
Under Pressure Hot Space
80%
Bicycle Race Jazz
80%
Love Of My Life A Night At The Opera
65%
Sheer Heart Attack News Of The World
65%
Another One Bites The Dust The Game
65%
Radio Ga Ga The Works
65%
Who Wants To Live Forever A Kind Of Magic
60%
No matching quizzes found
Score Distribution
Percent of People with Each Score
Percentile by Number Answered
Your Score History
You have not taken this quiz